| 000 | 01136nam a2200373 c 4500 | ||
|---|---|---|---|
| 001 | 16120 | ||
| 003 | ES-MaCES | ||
| 005 | 20250121040009.0 | ||
| 008 | 040212s2003 sp do f o000 | spa d | ||
| 017 |
_aM 28565-2003 _bDL |
||
| 020 | _a8477999767 (O. C.) | ||
| 020 | _a8477999775 (T. I) | ||
| 020 | _a8477999783 (T. II) | ||
| 020 | _a8477999791 (T. III) | ||
| 020 | _a8477999805 (T. IV) | ||
| 024 | 7 |
_a207-03-017-5 _2nipo |
|
| 035 | _aCES20040002024m | ||
| 040 |
_aES-MaCES _bspa _cES-MaCES |
||
| 245 | 0 | 0 |
_aHistoria de las mujeres en España _b: siglo XX _cJosefina Cuesta Bustillo (dir.) |
| 260 |
_aMadrid _bInstituto de la Mujer _c[2003] |
||
| 300 |
_a4 vols. _bgraf., fot. bl. y n. _c23 cm |
||
| 541 | _cGratuito | ||
| 650 | 4 |
_amujeres _928657 |
|
| 650 | 4 |
_acondiciones de vida _927111 |
|
| 650 | 4 |
_ahistoria _927251 |
|
| 650 | 4 |
_aEspaña _926964 |
|
| 650 | 4 |
_aS. XX _930812 |
|
| 653 | 1 | 0 | _aMujer |
| 700 | 1 |
_aCuesta Bustillo, Josefina _edir. _910261 |
|
| 710 | 2 |
_aInstituto de la Mujer (España) _eed. _94190 |
|
| 902 | _aLIB Libro | ||
| 942 |
_2CES _cBK _h3.3. |
||
| 999 |
_c16120 _d16120 |
||